Barcelona - Name the Football/Soccer Player - Statistics

General Stats
  • This quiz has been taken 85 times
  • The average score is 7 of 12
Answer Stats
Picture Answer % Correct
Samuel Eto'o
96%
Pau Cubarsi
78%
Sergino Dest
71%
Pedro
68%
Michael Laudrup
61%
Gary Lineker
56%
Neto
53%
Gianluca Zambrotta
50%
Alex Song
49%
Rafinha
48%
Jeremy Mathieu
46%
Adama Traore
36%
No matching quizzes found
Score Distribution
Percent of People with Each Score
Percentile by Number Answered
Your Score History
You have not taken this quiz